François Nourissier : portrait-vérité /

Bibliographic Details
Main Author: Vandromme, Pol
Format: Book
Language:French
Published: Paris : La Table ronde, 1993.
Subjects:

MARC

Tag First Indicator Second Indicator Subfields
LEADER 00000cam a2200000 a 4500
001 in00001138310
005 20150930095258.0
008 931014s1993 fr b 000 0dfre
010 |a  93218103  
020 |a 2710305631 :  |c 98.00F 
035 |a (OCoLC)29439745 
035 |9 AGB4643AM 
040 |a DLC  |c DLC  |d TXA  |d UtOrBLW 
049 |a TXAM 
050 0 0 |a PQ2627.O845  |b Z93 1993 
082 0 0 |a 843/.914  |2 20 
100 1 |a Vandromme, Pol. 
245 1 0 |a François Nourissier :  |b portrait-vérité /  |c Pol Vandromme. 
264 1 |a Paris :  |b La Table ronde,  |c 1993. 
300 |a 242 pages ;  |c 21 cm. 
336 |a text  |b txt  |2 rdacontent 
337 |a unmediated  |b n  |2 rdamedia 
338 |a volume  |b nc  |2 rdacarrier 
504 |a Includes bibliographical references (pages [241]-242). 
600 1 0 |a Nourissier, François. 
999 |a MARS 
999 f f |s bfc3fa4f-525a-3927-9a28-da3ae51d6ee3  |i 2852e2ec-627f-36ce-84c9-94b09ad22e77  |t 0 
952 f f |p ric  |a Texas A&M University  |b Rellis Campus  |c Joint Library Facility  |d Remote Storage  |t 0  |e PQ2627.O845 Z93 1993  |h Library of Congress classification  |i unmediated -- volume  |m A14818374541 
998 f f |a PQ2627.O845 Z93 1993  |t 0  |l Remote Storage